000 00537nam a2200193Ia 4500
008 101110s9999 xx 000 0 und d
041 _aENGLISH
082 _bSR11074
_a658.505
100 _aStockton John R.
245 _aIntroduction to Business and Economic Statistics
365 _b16.15
520 _aCommerce
546 _aENGLISH
630 _aIntroduction to Business and Economic Statistics
650 _aCommerce
655 _aCommerce
730 _aIntroduction to Business and Economic Statistics
942 _cBOOK
999 _c805907
_d805904